书目信息 |
| 题名: |
不等式
|
|
| 作者: | ;中国数学会上海分会 , 中学数学研究委员会 编 | |
| 分册: | ||
| 出版信息: | 上海 上海教育出版社 1959 |
|
| 页数: | 98页 | |
| 开本: | 19cm | |
| 丛书名: | ||
| 单 册: | ||
| 中图分类: | O122.3 | |
| 科图分类: | ||
| 主题词: | 不等式-初等代数--中学--课外读物 , 初等代数-不等式--中学--课外读物 | |
| 电子资源: | ||
| ISBN: | ||
| 000 | 00858nam2 2200253 45 | |
| 001 | 0187013581 | |
| 005 | 20070802103432.34 | |
| 010 | @dCNY0.30 | |
| 091 | @a7150.685 | |
| 100 | @a19960131d1959 y0chiy0121 ea | |
| 101 | 0 | @achi |
| 102 | @aCN@b310000 | |
| 105 | @ay z 000yy | |
| 200 | 10 | @a不等式@Abu deng shi@f中国数学会上海分会,中学数学研究委员会编@Fzhong guo shu xue hui shang hai fen hui,zhong xue shu xue yan jiu wei yuan hui bian |
| 205 | @a新1版 | |
| 210 | @a上海@c上海教育出版社@d1959 | |
| 215 | @a98页@d19cm | |
| 606 | @a不等式-初等代数@x中学@x课外读物 | |
| 606 | @a初等代数-不等式@x中学@x课外读物 | |
| 690 | @aO122.3@v3 | |
| 711 | 02 | @a中国数学会上海分会@Azhong guo shu xue hui shang hai fen hui@4编 |
| 711 | 02 | @a中学数学研究委员会@Azhong xue shu xue yan jiu wei yuan hui@4编 |
| 801 | 2 | @aCN@bNLC@c20070802 |
| 905 | @a10447@dO122.3@e37=2 | |
| 不等式/中国数学会上海分会,中学数学研究委员会编.-新1版.-上海:上海教育出版社,1959 |
| 98页;19cm |
| ISBN :CNY0.30 |
| ● |
| 相关链接 |
|
|
|
|
正题名:不等式
索取号:O122.3/37=2
 
预约/预借
| 序号 | 登录号 | 条形码 | 馆藏地/架位号 | 状态 | 备注 |
| 1 | 0790224 | 207902242 | 第二样本阅览室/ [索取号:O122.3/37=2] | 在馆 |